Determinación del efecto de la temperatura y la presión en la transesterificación del aceite de palma utilizando como MGO como catalizador

সংরক্ষণ করুন:
গ্রন্থ-পঞ্জীর বিবরন
প্রধান লেখক: Corrales Ureña, Yendry
বিন্যাস: গ্রন্থ
প্রকাশিত: San José, Costa Rica 2008
বিষয়গুলি:
ট্যাগগুলো: ট্যাগ যুক্ত করুন
কোনো ট্যাগ নেই, প্রথমজন হিসাবে ট্যাগ করুন!

MARC

LEADER 00000nam a2200000Ia 4500
003 001184
005 20221231144057.0
008 140114s2008 cr a 000 ||s d
040 |c cru CEDI  
090 |a TFG 5707 
100 |a Corrales Ureña, Yendry  |9 4235 
245 |a Determinación del efecto de la temperatura y la presión en la transesterificación del aceite de palma utilizando como MGO como catalizador  
260 |c 2008  |b San José, Costa Rica 
300 |a xii, 72 hojas 
500 |a Proyecto de graduación (licenciatura en ingeniería química)--Universidad de Costa Rica. Facultad de Ingeniería. Escuela de Ingeniería Química 
650 |x ACEITE DE PALMA   |x PRODUCCION  |x  INVESTIGACIONES  |x  COMBUSTIBLES BIODIESEL  |9 4236 
942 |c TFG 
999 |c 16552  |d 16552